01228nab a22002417a 4500003000400000005001700004008004100021040000700062100003100069245017600100260007300276300001500349500003800364505013400402505009900536505008200635650001800717650001800735650002100753650002900774650002900803773015400832OSt20251222233128.0190429b xxu||||| |||| 00| 0 spa d cPJ aTaboada, María Laura V. 10aDerecho de la víctima a recurrir y límites de las nulidades procesales. Revocación de la nulidad del dictamen fiscal en etapa intermedia /cMaría Laura V. Taboada. cCiudad Autónoma de Buenos Aires :aThomson Reuters La Ley, b2025. ap. 114-116 aCita: TR LALEY AR/DOC/2856/2025.  a Sumario: I. El fin declamado y los motivos subyacentes.— II. Análisis.— III. Impacto y proyección.— IV. Conclusión.  aFallo comentado: CGarantías en lo Penal, Bahía Blanca, Sala I ~ 02/07/2025 ~ M. s/ queja. tSi te interesa el texto completo, solicitalo a koha@justierradelfuego.gov.ar  0aDERECHO PENAL 0aPROCESO PENAL 0aNULIDAD PROCESAL 0aDERECHOS DE LA VÍCTIMA 0aTUTELA JUDICIAL EFECTIVA0 02658tRevista de derecho penal y criminología. Nº 11 - Diciembre 2025dCiudad Autónoma de Buenos Aires : Thomson Reuters La Ley, 2017-x00347914